Laws on education : (Record no. 10724)

MARC details
000 -LEADER
fixed length control field 00738nam a22002177a 4500
003 - CONTROL NUMBER IDENTIFIER
control field URS
005 - DATE AND TIME OF LATEST TRANSACTION
control field 20220117100053.0
008 - FIXED-LENGTH DATA ELEMENTS--GENERAL INFORMATION
fixed length control field 200714b ||||| |||| 00| 0 eng d
020 ## - INTERNATIONAL STANDARD BOOK NUMBER
International Standard Book Number 9718150501
040 ## - CATALOGING SOURCE
Original cataloging agency URS
Language of cataloging English
Transcribing agency URS
Modifying agency URS
Description conventions rda
050 ## - LIBRARY OF CONGRESS CALL NUMBER
Classification number KPM3138
Item number .L44 2006
245 ## - TITLE STATEMENT
Title Laws on education :
Remainder of title with implementing rules and regulations /
Statement of responsibility, etc Neo Asia Publishing, Incorporated.
260 ## - PUBLICATION, DISTRIBUTION, ETC. (IMPRINT)
Place of publication, distribution, etc Quezon City :
Name of publisher, distributor, etc Neo Asia Publishing, Incorporated,
Date of publication, distribution, etc ©2006.
300 ## - PHYSICAL DESCRIPTION
Extent 399 pages ;
Dimensions 22 cm.
336 ## - CONTENT TYPE
Content type term text
Content type code txt
Source rdacontent
337 ## - MEDIA TYPE
Media type term unmediated
Media type code n
Source rdamedia
338 ## - CARRIER TYPE
Carrier type term volume
Carrier type code nc
Source rdacarrier
650 #0 - SUBJECT ADDED ENTRY--TOPICAL TERM
Topical term or geographic name as entry element Educational law and legislation
Geographic subdivision Philippines.
710 ## - ADDED ENTRY--CORPORATE NAME
Corporate name or jurisdiction name as entry element Neo Asia Publishing, Incorporated.
942 ## - ADDED ENTRY ELEMENTS (KOHA)
Source of classification or shelving scheme Library of Congress Classification
Koha item type Filipiniana
Holdings
Withdrawn status Lost status Source of classification or shelving scheme Damaged status Not for loan Collection code Home library Current library Shelving location Date acquired Source of acquisition Total Checkouts Full call number Barcode Date last seen Copy number Koha item type
    Library of Congress Classification     Non-fiction Taytay College Library Taytay College Library Filipiniana Section 07/14/2020 Purchased   KPM3138 .L44 2006 URSTAY-346 07/14/2020 1 Filipiniana
    Library of Congress Classification     Non-fiction Taytay College Library Taytay College Library Filipiniana Section 07/14/2020 Purchased   KPM3138 .L44 2006 URSTAY-347 07/14/2020 2 Filipiniana
    Library of Congress Classification     Non-fiction Taytay College Library Taytay College Library Filipiniana Section 07/14/2020 Purchased   KPM3138 .L44 2006 URSTAY-348 07/14/2020 3 Filipiniana
    Library of Congress Classification     Non-fiction Taytay College Library Taytay College Library Filipiniana Section 07/14/2020 Purchased   KPM3138 .L44 2006 URSTAY-349 07/14/2020 4 Filipiniana
    Library of Congress Classification     Non-fiction Taytay College Library Taytay College Library Filipiniana Section 07/14/2020 Purchased   KPM3138 .L44 2006 URSTAY-350 07/14/2020 5 Filipiniana
    Library of Congress Classification     Non-fiction Taytay College Library Taytay College Library Filipiniana Section 07/14/2020 Purchased   KPM3138 .L44 2006 URSTAY-351 07/14/2020 6 Filipiniana
    Library of Congress Classification     Non-fiction Taytay College Library Taytay College Library Filipiniana Section 07/14/2020 Purchased   KPM3138 .L44 2006 URSTAY-352 07/14/2020 7 Filipiniana
    Library of Congress Classification     Non-fiction Taytay College Library Taytay College Library Filipiniana Section 07/14/2020 Purchased   KPM3138 .L44 2006 URSTAY-353 07/14/2020 8 Filipiniana
    Library of Congress Classification     Non-fiction Taytay College Library Taytay College Library Filipiniana Section 07/14/2020 Purchased   KPM3138 .L44 2006 URSTAY-354 07/14/2020 9 Filipiniana
    Library of Congress Classification     Non-fiction Taytay College Library Taytay College Library Filipiniana Section 07/14/2020 Purchased   KPM3138 .L44 2006 URSTAY-355 07/14/2020 10 Filipiniana

University of Rizal System
Email us at univlibservices@urs.edu.ph

Visit our Website www.urs.edu.ph/library